T.N.T. - AC/DC (all lyrics) - Statistics

General Stats
  • This quiz has been taken 153 times
  • The average score is 120 of 168
Answer Stats
Lyrics % Correct
I
99%
a
96%
I'm
95%
T.N.T.
95%
dynamite
93%
the
93%
The
93%
me
92%
fight
91%
And
88%
and
88%
explode
87%
explode!
87%
win
86%
'Cause
84%
power
83%
watch
83%
Watch
83%
what
83%
you
81%
I'll
80%
load
78%
no
75%
On
75%
to
74%
your
73%
in
71%
don't
68%
Don't
68%
mean
67%
man
66%
Oi
65%
oi
65%
If
64%
screen
64%
TV
64%
up
64%
wife
63%
lock
62%
Lock
62%
of
62%
back
61%
daughter
61%
for
61%
know
61%
See
61%
is
60%
sunset
60%
right
59%
So
58%
town
58%
life
57%
got
56%
left
56%
Women
56%
women
56%
run
55%
start
55%
door
54%
mess
54%
can
53%
get
53%
out
53%
Out
53%
wanted
53%
that
52%
one
51%
ride
51%
gun
49%
mighty
48%
dirty
46%
enemy
46%
number
46%
Public
46%
'round
46%
Understand
46%
colour
45%
Ain't
44%
all
42%
knife
41%
unclean
40%
But
15%
No matching quizzes found
Score Distribution
Percent of People with Each Score
Percentile by Number Answered
Your Score History
You have not taken this quiz